Selected chapters from international business: competing in the global market place / (Record no. 660)
[ view plain ]
| 000 -LEADER | |
|---|---|
| fixed length control field | 00941nam a22001817a 4500 |
| 005 - DATE AND TIME OF LATEST TRANSACTION | |
| control field | 20210414113922.0 |
| 008 - FIXED-LENGTH DATA ELEMENTS--GENERAL INFORMATION | |
| fixed length control field | 120321t xxu||||| |||| 00| 0 eng d |
| 020 ## - INTERNATIONAL STANDARD BOOK NUMBER | |
| International Standard Book Number | 0072380683 |
| 050 ## - LIBRARY OF CONGRESS CALL NUMBER | |
| Classification number | HD62.4.H55 |
| 100 ## - MAIN ENTRY--PERSONAL NAME | |
| Personal name | Hill, Charles W.L. |
| 245 ## - TITLE STATEMENT | |
| Title | Selected chapters from international business: competing in the global market place / |
| Statement of responsibility, etc. | Hill, Charles W.L. |
| 250 ## - EDITION STATEMENT | |
| Edition statement | 2nd |
| 260 ## - PUBLICATION, DISTRIBUTION, ETC. | |
| Place of publication, distribution, etc. | New York: |
| Name of publisher, distributor, etc. | McGrawHill, |
| Date of publication, distribution, etc. | 1999. |
| 300 ## - PHYSICAL DESCRIPTION | |
| Extent | 325 p.: |
| Dimensions | 28cm. |
| 500 ## - GENERAL NOTE | |
| General note | Includes index. |
| 505 ## - FORMATTED CONTENTS NOTE | |
| Formatted contents note | Content: National differences in political economy -- Differences in culture -- The Political economy of international trade -- Foreign direct investment -- The Foreign exchange market --The Strategy of international business -- Mode of entry and strategic alliances -- Exporting, importing and countertrade -- Global marketing and R&D -- Global human resource management -- Financial management in the international business. |
| 942 ## - ADDED ENTRY ELEMENTS (KOHA) | |
| Source of classification or shelving scheme | Library of Congress Classification |
| Koha item type | Books |
| Withdrawn status | Lost status | Source of classification or shelving scheme | Damaged status | Not for loan | Home library | Current library | Shelving location | Date acquired | Total Checkouts | Full call number | Barcode | Date last seen | Copy number | Price effective from | Koha item type |
|---|---|---|---|---|---|---|---|---|---|---|---|---|---|---|---|
| Library of Congress Classification | WISCONSIN INTERNATIONAL UNIVERSITY COLLEGE, GHANA - MAIN LIBRARY | WISCONSIN INTERNATIONAL UNIVERSITY COLLEGE, GHANA - MAIN LIBRARY | General Stacks | 21/03/2012 | HD62.4.H55 | 1762/12 | 21/03/2012 | 1 | 21/03/2012 | Books | |||||
| Library of Congress Classification | WISCONSIN INTERNATIONAL UNIVERSITY COLLEGE, GHANA - MAIN LIBRARY | WISCONSIN INTERNATIONAL UNIVERSITY COLLEGE, GHANA - MAIN LIBRARY | General Stacks | 21/03/2012 | HD62.4.H551 | 1763/12 | 21/03/2012 | 2 | 21/03/2012 | Books |
